Saint Seiya - Chevaliers par signes - Statistiques

Statistiques générales
  • Ce quiz a été pris 154 fois
  • Le résultat moyen est 12 sur 13
Statistiques - réponses
Chevalier Signe % Correct
Bélier
98%
Aiolia Lion
98%
Aiolos Sagittaire
98%
Aldébaran Taureau
98%
Camus Verseau
97%
Deathmask Cancer
96%
Saga Gémeaux
96%
Milo Scorpion
96%
Shaka Vierge
96%
Dohko Balance
95%
Shura Capricorne
94%
Aphrodite Poissons
88%
Kanon Gémeaux
83%
Aucun quiz correspondant
Distribution des résultats
% des personnes avec chaque résultat
Percentile par nombre de réponses
Votre historique - résultats
Vous n’avez pas pris ce quiz